Tintin - Personnages du Crabe aux pinces d'or - Mort subite - Statistiques

Statistiques générales
  • Ce quiz a été pris 222 fois
  • Le résultat moyen est 3 sur 7
Answers on the Grid
Answers color-coded by a green-red scale on the quiz's grid according to % correct below.
Le capitaine Archibald Haddock
Dupond et Dupont
Le professeur Tryphon Tournesol
Bianca Castafiore
Roberto Rastapopoulos
Le général Alcazar
Nestor
Séraphin Lampion
Allan Thompson
Le Dr. J.W. Muller
Mohammed Ben Kalish Ezab
Mme Pinson
Mitsuhirato
Yamato
Bunji Kuraki
Le général Haranochi
Le commandant Le Goffic
Le lieutenant Delcourt
Omar Ben Salaad
Le senhor Oliveira da Figueira
 
Statistiques - réponses
Réponse % Correct
Le capitaine Archibald Haddock
93%
Dupond et Dupont
84%
Allan Thompson
52%
Omar Ben Salaad
32%
Le lieutenant Delcourt
22%
Bunji Kuraki
16%
Mme Pinson
16%
Aucun quiz correspondant
Distribution des résultats
% des personnes avec chaque résultat
Percentile par nombre de réponses
Votre historique - résultats
Vous n’avez pas pris ce quiz